| 000 | 00512cam a2200193ua 4500 | ||
|---|---|---|---|
| 020 |
_a81-7130-010-3 _cRs 160.00 |
||
| 041 |
_aeng _h |
||
| 082 |
_a028.73 423 _bRAM/EN |
||
| 100 | _aRamalingam Pillai, T . | ||
| 245 |
_aEnglish English Malayalam Dictionary / _cT Ramalingam Pillai. _hTextual Documents |
||
| 250 |
_a43 / _b. |
||
| 260 |
_aKottayam : _bD C Books , _c1996. |
||
| 300 | _a1170 ; . | ||
| 365 | _aRs 160.00 | ||
| 504 | _a | ||
| 650 | _aDictionary | ||
| 942 | _cBK | ||
| 999 |
_c398 _d398 |
||